000 00643nam a2200241 i 4500
001 C2-0216407
003 PPAK
005 20180728105106.0
008 990522s1997 si |||| ||||| | eng d
020 _a9812042504
040 _aPPAK
_beng
_cPPAK
_erda
082 0 4 _a823
_2 23
090 0 0 _a823
_bGOH
_dG
100 1 _aGoh, Sin Tub,
_eauthor
245 1 0 _a12 women & their stories
264 1 _aSingapore :
_bTimes Books International ,
_c1997
300 _a191 pages ;
_c18 cm
336 _2rdacontent
_atext
337 _2rdamedia
_aunmediated
338 _2rdacarrier
_avolume
650 1 0 _aShort stories, English
942 _ddc
_cB
999 _c160054
_d160054